Kraje z największym % ludzi czytających i piszących - 1/2 - Statystyki

Ogólne statystyki
  • Ten quiz został rozwiązany 60 razy
  • Średni wynik to 9 z 25
Statystyki odpowiedzi
% Kraj % Poprawnych
99,8 Polska
93%
99,7 Rosja
75%
99,8 Ukraina
68%
99,2 Włochy
65%
99,8 Estonia
61%
99,9 Łotwa
61%
99,8 Litwa
60%
99,7 Białoruś
51%
99,7 Słowenia
40%
99,3 Chorwacja
39%
99,4 Mołdawia
39%
99,8 Kazachstan
32%
100 Andora
30%
99,7 Armenia
30%
99,8 Gruzja
30%
99,8 Azerbejdżan
26%
100 Korea Północna
26%
99,7 Turkmenistan
23%
99,8 Tadżykistan
21%
100 Uzbekistan
21%
99,5 Kirgistan
19%
99,8 Kuba
16%
99,6 Barbados
5%
99,3 Malediwy
4%
99,4 Tonga
2%
Nie znaleziono quizów pasujących do podanych kryteriów
Rozkład punktacji
Procent ludzi z każdym wynikiem
Percentyl według liczby udzielonych odpowiedzi
Twoja historia wyników
Nie rozwiązałeś tego quizu